| 000 | 00562nam a2200205Ia 4500 | ||
|---|---|---|---|
| 003 | OSt | ||
| 005 | 20230607080536.0 | ||
| 008 | 210423s2010 xx 000 0 und d | ||
| 040 | _cAL | ||
| 041 | _aeng | ||
| 082 |
_a658.408 _223 _bSODP |
||
| 100 |
_aSODHI (J S) _9120719 |
||
| 245 | _aPerspatives of corporate social responsibility | ||
| 260 |
_aNew Delhi _bSri Ramakrishna math _c2010 |
||
| 300 | _a47 | ||
| 365 |
_b125 _cINR |
||
| 650 |
_aExecutive Management _9120720 |
||
| 906 | _acorporate ; Perspatives ; responsibility. ; social | ||
| 942 |
_2ddc _cBK |
||
| 999 |
_c175998 _d175998 |
||